000 00344nam a22001337a 4500
020 _a9780074600603
040 _cNUST
082 _a621.815 BHA
100 _aBhandari, V B
_959935
245 _aDesign of Machine Elements
260 _aNew Delhi:
_bTata McGraw Hill,
_c2004
650 _aDesign of Machine elements
_991869
942 _2ddc
_cTEXT
999 _c595475
_d595475